01366nam a2200241 a 450000100100000000500170001000800410002704000250006808200240009310000460011724501710016326000270033430000200036165000500038165000420043170000480047304900090052195201340053095201340066495201810079895201280097999900170110700001615220251204073702.0100226s1963 fr 000 0 spa d aDO-SdBNPbspacBNPHU a346.01757293bP645p1 aPina Acevedo y Martínez, Ramón93615813aLa prueba en materia de investigación de paternidad ante la justicia represiva dominicana /cRamón Pina Acevedo y Martínez, Luz Bethania Pelaez Ortíz de Pina. aParísfDanubec1963. a69 p. ;c22 cm. 4aPruebas de paternidadxInvestigaciones936159 0aAdministración de justicia 9100831 aPelaez Ortíz de Pina, Luz Bethania936160 aBNPD 001054708MOaGRbGRcCTd2010-02-26iLF1l0o346.01757293 P645pp16152-30r2020-06-25te. 3w2020-06-25y4ZPréstamo en sala 001054708MOaGRbGRcCTd2011-06-14iLF1l0o346.01757293 P645pp16152-50r2020-06-25te. 4w2020-06-25y4ZPréstamo en sala 001050718MOaPDbPDcHDd2010-02-26iLF1l0o346.01757293 P645pp16152-10r2020-06-25w2020-06-25y1zPerteneció a la biblioteca personal de Martínez Boog.ZNo se presta 001050718MOaPDbPDcCTd2010-02-26iLF1l0o346.01757293 P645pp16152-20r2020-06-25te. 2w2020-06-25y1ZNo se presta c15692d15692